000
00285nam a2200109Ia 4500
008
190216s9999||||xx |||||||||||||| ||und||
100
_a
Sherwood J F & Clem Boling&Amp; 
 Carson Ab
245
0
_a
College Accounting
260
_b
S Chand & Co
_c
1951
300
_a
575p
942
_c
BK
999
_c
4438
_d
4438